000 00501cam a22001934a 4500
005 20250605164153.0
008 250528s ||||||||||||||||||||||||d
035 _a19469
020 _a9604054732
040 _aGR-AtMCL
_bgre
_dGR-AtMCL
_eAACR2
245 1 _aΕΚΤΥΠΩΣΗ & ΕΤΙΚΕΤΑΡΙΣΜΑ ΣΥΣΚΕΥΑΣΙΑΣ
250 _a1
260 _bΊων,
_c1994
300 _a219
700 1 _aΚαρακασιδης Ν.Γ
_95253
942 _cBK
999 _c4725
_d4725